Toán và phương pháp hình thành các biểu tượng toán học cho trẻ mẫu giáo Q.2 Toán và phương pháp hình thành các biểu tượng toán học cho trẻ mẫu giáo

Phương pháp hướng dẫn thi hành các biểu tượng cho trẻ mẫu giáo. Phương pháp hình thành các biểu tượng về tập hợp số và phép đếm, về kích thước và đo lường, về hình dạng, định hướng trong không gian...

Guardado en:
Detalles Bibliográficos
Autor principal: Đinh Thị Nhung
Formato: Libro
Lenguaje:Vietnamese
Publicado: H. Đại học Quốc gia Hà Nội 2004
Edición:In lần thứ 3
Materias:
Etiquetas: Agregar Etiqueta
Sin Etiquetas, Sea el primero en etiquetar este registro!
Thư viện lưu trữ: Mạng thư viện Đại học Đà Nẵng
LEADER 01914nam a2200397 4500
001 000006384
003 2539
005 20140818130853.0
008 110908s2004 viesd
020 |c 13600đ 
041 0 |a vie 
082 |a 372.7  |b ĐI-N 
100 1 |a Đinh Thị Nhung 
245 1 0 |a Toán và phương pháp hình thành các biểu tượng toán học cho trẻ mẫu giáo  |c Đinh Thị Nhung  |n Q.2  |p Toán và phương pháp hình thành các biểu tượng toán học cho trẻ mẫu giáo 
250 |a In lần thứ 3 
260 |a H.  |b Đại học Quốc gia Hà Nội  |c 2004 
300 |a 122 tr.  |c 21 cm. 
504 |a Thư mục: tr. 122 
520 |a Phương pháp hướng dẫn thi hành các biểu tượng cho trẻ mẫu giáo. Phương pháp hình thành các biểu tượng về tập hợp số và phép đếm, về kích thước và đo lường, về hình dạng, định hướng trong không gian... 
650 0 4 |a Giáo dục mầm non  |x Phương pháp giảng dạy  |x Toán học 
653 |a Mẫu giáo 
653 |a Phương pháp giảng dạy 
653 |a Toán 
653 |a Sách giáo viên 
773 |t Toán và phương pháp hình thành các biểu tượng toán học cho trẻ mẫu giáo  |w 2527 
773 |b In lần thứ 4  |d Đại học Quốc gia Hà Nội  |d H.  |d 2006  |t Toán và phương pháp hình thành các biểu tượng toán học cho trẻ mẫu giáo  |w 16157 
OWN |a LSP 
AVA |a UDN50  |b LSP  |d 372.7 ĐI-N  |e check_holdings  |t Error 5003 Not defined in file expand_doc_bib_avail.  |h N  |k 1 
999 |a From the UDN01 
AVA |a UDN50  |b LSP  |d 372.7 ĐI-N  |e available  |t Error 5001 Not defined in file expand_doc_bib_avail.  |f 46  |g 7  |h N  |i 26  |k 1 
TYP |a Monograph 
TYP |a Printed language 
980 |a Mạng thư viện Đại học Đà Nẵng